| 000 | 02002nam a2200433 c 4500 | ||
|---|---|---|---|
| 999 |
_c347535 _d347535 |
||
| 003 | BLK | ||
| 005 | 20250423144229.0 | ||
| 008 | 180409b bul|||||r ||||||| ||bul|| | ||
| 010 | _aKNG00140489000 | ||
| 020 | _a9789542824268 | ||
| 040 | _aBLK | ||
| 041 |
_aBUL _cBUL |
||
| 072 | 7 |
_2bullib _aН35 _xОбществено управление. Военни науки Н |
|
| 080 |
_aСемейно право. Наследствено право. - Семейство, женитба, брак, права и задължения на съпрузите, разторгване на брак и др. _b347.6 _x(497.2)(094.9) _z347.6(497.2)(094.9) |
||
| 110 | 1 |
_aБългария. Закони и др. п. _9243213 |
|
| 139 |
_aБългария. Закони и др. п. _bБ 92 |
||
| 245 | 1 | 0 |
_aСемеен кодекс и Закон за наследството _bСб. нормат. актове _cСъстав и авт. на бел. Венцислав Л. Петров |
| 257 | _aBGR | ||
| 260 |
_bСиела Норма _c2019 _aСофия |
||
| 300 |
_a410 с. _c19 см |
||
| 380 | _a3 | ||
| 650 | 4 |
_aЛично и семейно право - България - законодателни и директивни материали _9299483 |
|
| 650 | 4 |
_aНаследствено право - България - законодателни и директивни материали _9254028 |
|
| 650 | 4 |
_aБългария - обществено управление _9252379 |
|
| 651 | 4 |
_aБългария _9241624 |
|
| 653 | _aСемеен кодекс | ||
| 653 | _aсемейно право | ||
| 653 | _aнаследствено право | ||
| 653 | _aкодекси | ||
| 653 | _aзакони | ||
| 659 | _aН | ||
| 856 | 4 | _qpdf | |
| 856 | 4 | _qpdf | |
| 942 |
_cKNG _n0 _06 _s1 |
||
| 944 |
_aCR _c08.03.2013 _lХристина Везирева _k30535 |
||
| 944 |
_aED _c17.07.2015 _lф / _kЛюдмила_Стоянова |
||
| 999 | _d347535 | ||
| 999 | _d134575 | ||